History of binary and other nondecimal numeration /

Bibliographic Details
Main Author: Glaser, Anton, 1924-
Format: Book
Language:English
Published: [Los Angeles, Calif.] : Tomash, [1981]
Edition:Rev. ed.
Subjects:

MARC

Tag First Indicator Second Indicator Subfields
LEADER 00000pam a2200000 a 4500
001 in00000091805
005 20150923131840.0
008 810727s1981 caua b 00110 eng
010 |a  81051176  
020 |a 0938228005 
035 |a (OCoLC)07738559 
035 |9 AAK7140AM 
039 0 |a 2  |b 3  |c 3  |d 3  |e 3 
040 |a DLC  |c DLC  |d TXA  |d UtOrBLW 
049 |a TXAM  |c [1633298] 
050 0 0 |a QA141.2  |b  G55 1981 
082 0 |a 513/.5  |2 19 
100 1 |a Glaser, Anton,  |d 1924- 
245 1 0 |a History of binary and other nondecimal numeration /  |c by Anton Glaser. 
250 |a Rev. ed. 
264 1 |a [Los Angeles, Calif.] :  |b Tomash,  |c [1981] 
264 4 |c ©1981 
300 |a xiii, 218 pages :  |b illustrations ;  |c 24 cm. 
336 |a text  |b txt  |2 rdacontent 
337 |a unmediated  |b n  |2 rdamedia 
338 |a volume  |b nc  |2 rdacarrier 
500 |a Based on the author's thesis (Ph.D.--Temple University), presented under the title: History of modern numeration systems. 
500 |a Includes index. 
504 |a Bibliography: pages 193-210. 
650 0 |a Numeration  |x History. 
999 |a MARS 
999 f f |s 8c199fbd-597f-3d0e-a238-5fd5ad530e2e  |i 6600b6ee-2734-373e-a825-62ec2dea9d98  |t 0 
952 f f |p ric  |a Texas A&M University  |b Rellis Campus  |c Joint Library Facility  |d Remote Storage  |t 0  |e QA141.2 G55 1981  |h Library of Congress classification  |i unmediated -- volume  |m A14806004766 
998 f f |a QA141.2 G55 1981  |t 0  |l Remote Storage